00862 2200313 4500001002100000005001500021035002500036007000300061008004100064020002200105040001700127041000800144082001400152084001600166090002000182090002200202100002700224245008300251250001100334260003600345300003000381504003000411650001000441650001900451850001200470999002200482990002200504990002200526INLIS00000000003374220191011082646 a0010-021800000000468ta180220s2017 yoi g ind d a978-602-453-195-9 aYOPDYOGbind0 aind04223a297.2 a297.2 LAL d aDEP 297.2 LAL d aCB-D.11 2017-12570 aLalu BurhancH.d1951-0 aDemografi vs taqdir dalam Islam :b(rekayasa mengubah nasib) /cH. Lalu Burhan aCet. 13 aYogyakarta :bDeepublish,c2017 axviii, 167 hlm. ;c20 cm. aBibliografi: hlm. 163-167 4aIslam 4aQada dan Qadar aYOPDYOG aCB-D.11/2017-1257 aCB-D.11/2017-1257 aCB-D.11/2017-1257